Tool Definitions Quiz Stats

Quiz Updated Sep 1, 2017

Challenge
Share
Tweet
Embed
Score 0/20 Timer 05:00
0 Plays Today
% Correct
snake
96.5%
screwdriver
95.1%
spade
94.8%
drill
94.6%
plane
93.8%
file
93.5%
scale
93.4%
router
93.1%
level
92.4%
punch
91.3%
% Correct
pump
91.2%
hammer
90.8%
clipper
90.7%
wrench
89%
jack
86.3%
grinder
83.6%
pick
81%
rake
70.9%
ax
67.2%
saw
61.3%

You're not logged in!

Compare scores with friends on all Sporcle quizzes.
Sign Up with Email
OR
Log In

You Might Also Like...

Show Comments

Extras

Top Quizzes Today


Score Distribution

Your Account Isn't Verified!

In order to create a playlist on Sporcle, you need to verify the email address you used during registration. Go to your Sporcle Settings to finish the process.